| 000 | 00000nam##2200000za#4500 |
| 001 | 9.533262 |
| 003 | CaOODSP |
| 005 | 20200327072420 |
| 007 | ta |
| 008 | 150406|2000||||xxc||||| f|0| 0 eng|d |
| 020 | |a0-660-61210-0 |
| 040 | |aCaOODSP|beng |
| 041 | |aeng |
| 041 | |afre |
| 043 | |an-cn--- |
| 086 | 1 |aBT31-2/2001-III-91 |
| 110 | 1 |aCanada. |bTreasury Board. |
| 245 | 10|aCitizenship and Immigration Canada |
| 260 | |aOttawa - Ontario : |bTreasury Board of Canada Secretariat |c2000. |
| 300 | |aEnglish text, 37p. : |borganization chart, tables ; |c28 cm. |
| 490 | 1 |a2000-2001 estimates, part III: report on plans and priorities |
| 546 | |aBilingual |
| 563 | |aSoftcover |
| 590 | |a00-14|b2000-04-07 |
| 690 | 07|aEstimates|2gcpds |
| 776 | 0#|tCitizenship and Immigration Canada, report on plans and priorities, 2000–2001 |w(CaOODSP)9.567917 |
| 776 | 0#|tCitoyenneté et Immigration Canada, budget des dépenses de 2000-2001 |w(CaOODSP)9.599232 |
| 792 | |tCitoyenneté et Immigration Canada |efre|w(CaOODSP)9.533263 |
| 830 | #0|a2000-2001 estimates, part III: report on plans and priorities.|w(CaOODSP)9.508964 |